000 00955nam a2200277Ia 4500
003 OSt
005 20221005111411.0
006 a|||||r|||| 00| 0
007 ta
008 221004b |||||||| |||| 00| 0 hin d
020 _a8170555949 (hbk)
_c175
024 _a11097
037 _b343, 20/03/2014, Vani Prakashan
_cTextual
040 _aCRL
_cCRL
_bhin
041 _2hin
_ahin
082 _aO152,6NMAx, P2
100 _aपाण्डेय, मैनेजर
245 0 _aसंकट के बावजूद
246 _aSankaṭ ke bāvajūda
250 _a2 संस्करण
260 _aनई दिल्ली
_bवाणी प्रकाशन भारत
_c2002
300 _a204पृ0
_ccm.
650 _aहिन्दी साहित्य
942 _hO152,6NMAx, P2
_cTEXL
_2cc
999 _c1021731
_d1021731